{"text_format":"2","workbook":"xlsb","n_sheets":14,"sheets":["Start","Склад","Изделия","Изделия_сварка","Рабочие","Производство_ЖБ","Производство_сварка","Оклады","Бетон","Затраты","Виды_затрат","Группа_товаров","Ед.Изм.","List_Price"],"not_rendered":{"charts":0,"images":0,"macros":1,"external_links":0,"defined_names":0,"comments":0,"pivot_tables":0},"unopened":[],"bounds":{"document_bytes":16777216,"sheet_cells":100000,"run_cost":"one","rows_first":2000,"rows_last":500,"rows_between":2000,"halvings":0,"cell_chars":16384,"cell_head_chars":4096},"cells_cut":0,"cells_raw":0,"read":"whole","date_system":"1900","formulas":"cached_only","passed_over":{"ids":[37,38,1024],"n":591}}

{"sheet":"Start","index":0,"n_rows":0,"n_cols":0,"rows_kept":0,"cut":false,"hidden":false,"merged":[],"flags":["formulas_cached_only"]}

{"sheet":"Склад","index":1,"n_rows":48,"n_cols":7,"rows_kept":48,"cut":false,"hidden":true,"merged":[],"flags":["formulas_cached_only"]}
["№ п/п","Наименование","Группа 1","Группа2","Остаток","Ед. изм","Цена за 1 ед."]
[1,"Сетка С1","Сетка","Арматура",626,"кг",93.4]
[2,"Сетка С2","Сетка","Арматура",459,"кг",56.1]
[3,"Сетка С3","Сетка","Арматура",818,"кг",54.4]
[4,"Сетка С4","Сетка","Арматура",822,"кг",75.5]
[5,"Сетка С5","Сетка","Арматура",681,"кг",68.8]
[6,"Сетка С6","Сетка","Арматура",169,"кг",22.1]
[7,"Сетка С7","Сетка","Арматура",102,"кг",81.9]
[8,"Сетка С8","Сетка","Арматура",701,"кг",94.8]
[9,"Стержень Ат400","Стержень","Арматура",789,"кг",87]
[10,"Стержень Ат500","Стержень","Арматура",569,"кг",22.2]
[11,"Стержень Ат600","Стержень","Арматура",144,"кг",39.3]
[12,"Стержень Ат800","Стержень","Арматура",141,"кг",59.9]
[13,"Стержень Ат1000","Стержень","Арматура",399,"кг",39.3]
[14,"Стержень Ат1200","Стержень","Арматура",54,"кг",20.1]
[15,"Монтажная петля ","Монтажная петля","Арматура",17,"кг",64.3]
[16,"Стыковочная петля","Стыковочная петля","Арматура",329,"кг",29.8]
[17,"Закладная A1","Закладная","Арматура",634,"кг",92.1]
[18,"Перемычка на стыковочную петлю","Перемычка","Арматура",161,"кг",73.7]
[19,"Песок фр. 0.4","Песок","Бетон",11402,"кг",47.9]
[20,"Песок фр. 0.5","Песок","Бетон",4261,"кг",23.1]
[21,"Песок фр. 0.6","Песок","Бетон",12292,"кг",65.5]
[22,"Песок фр. 0.7","Песок","Бетон",10897,"кг",47.6]
[23,"Шебень фр. 5","Щебень","Бетон",7919,"кг",88.3]
[24,"Шебень фр. 6","Щебень","Бетон",11080,"кг",36.2]
[25,"Шебень фр. 7","Щебень","Бетон",10246,"кг",51.5]
[26,"Шебень фр. 8","Щебень","Бетон",13057,"кг",37.5]
[27,"Цемент М400","Цемент","Бетон",248,"кг",35.7]
[28,"Цемент М500","Цемент","Бетон",0,"кг",35.4]
[29,"Цемент М600","Цемент","Бетон",899,"кг",37.3]
[30,"Plus57","Химия","Бетон",483,"л",79.2]
[31,"Электроды 10 мм","Электроды","Разное",345,"гр",95.3]
[32,"Электроды 8 мм","Электроды","Разное",595,"гр",97.6]
[33,"Электроды 12 мм","Электроды","Разное",194,"гр",65.1]
[34,"Масло Аddinol 90","Масло","Разное",169,"л",54.8]
[35,"Арматура А1 ф6","Арматура","Сырье",13,"кг",72.5]
[36,"Арматура А1 ф8","Арматура","Сырье",24,"кг",73.8]
[37,"Арматура А1 ф10","Арматура","Сырье",10,"кг",35]
[38,"Арматура А1 ф12","Арматура","Сырье",703,"кг",83.2]
[39,"Арматура А1 ф14","Арматура","Сырье",310,"кг",81.3]
[40,"Арматура А1 ф16","Арматура","Сырье",185,"кг",82.8]
[41,"Арматура А1 ф18","Арматура","Сырье",420,"кг",30.4]
[42,"Арматура А1 ф20","Арматура","Сырье",530,"кг",94.4]
[43,"Арматура А1 ф22","Арматура","Сырье",189,"кг",73.1]
[44,"Арматура А1 ф25","Арматура","Сырье",949,"кг",42.4]
[45,"Арматура А1 ф28","Арматура","Сырье",573,"кг",55.9]
[46,"Арматура А1 ф32","Арматура","Сырье",308,"кг",31.8]
[47,"Новая","Стыковочная петля",null,150.5,"кг",123]

{"sheet":"Изделия","index":2,"n_rows":11,"n_cols":24,"rows_kept":11,"cut":false,"hidden":true,"merged":[],"flags":["formulas_cached_only"]}
["№","Наименование","Марка бетона","Бетон кол-во","Сетка","Заклад 1 кол-во","Сетка","Заклад 2 кол-во","Стержень","Заклад 3 кол-во","Монтажная петля","Заклад 4 кол-во","Стыковочная петля","Заклад 5 кол-во","Закладная","Заклад 6 кол-во","Перемычка","Заклад 7 кол-во","Закладная 8","Заклад 8 кол-во","Закладная 9","Заклад 9 кол-во","Закладная 10","Заклад 10 кол-во"]
[1,"ПДН","М350",2.1,"Сетка С8",26.5,"Сетка С3",51,"Стержень Ат500",9,"Монтажная петля ",10,"Стыковочная петля",3,"Закладная A1",13,"Перемычка на стыковочную петлю",13]
[2,"ПДН 2-6","В27.5",1.45,"Сетка С8",15,"Сетка С5",13,"Стержень Ат500",9,"Монтажная петля ",10,"Стыковочная петля",3,"Закладная A1",13,"Перемычка на стыковочную петлю",13]
[3,"ПДН м","М350",1.68,"Сетка С6",15,"Сетка С7",10,"Стержень Ат600",12,"Монтажная петля ",4,"Стыковочная петля",5,"Закладная A1",7,"Перемычка на стыковочную петлю",13]
[4,"ПДН м-АтIV","М350",1.64,"Сетка С1",8.5,"Сетка С1",11,"Стержень Ат800",10,"Монтажная петля ",14,"Стыковочная петля",12,"Закладная A1",6,"Перемычка на стыковочную петлю",10]
[5,"ПДН м-АтV","М350",1.72,"Сетка С6",7,"Сетка С2",13,"Стержень Ат1000",8,"Монтажная петля ",4,"Стыковочная петля",8,"Закладная A1",11,"Перемычка на стыковочную петлю",12]
[6,"ПДН м-АIV","В27.5",1.5,"Сетка С1",6,"Сетка С2",9,"Стержень Ат1200",14,"Монтажная петля ",3,"Стыковочная петля",8,"Закладная A1",12,"Перемычка на стыковочную петлю",3]
[7,"ПДН м-АV","М350",1.81,"Сетка С6",14,"Сетка С4",4,"Стержень Ат400",4,"Монтажная петля ",12,"Стыковочная петля",7,"Закладная A1",6,"Перемычка на стыковочную петлю",9]
[8,"ПДН-АтIV","М350",1.72,"Сетка С6",11,"Сетка С6",8,"Стержень Ат500",11,"Монтажная петля ",4,"Стыковочная петля",13,"Закладная A1",15,"Перемычка на стыковочную петлю",10]
[9,"ПДН-АтV","М350",1.9,"Сетка С1",14,"Сетка С8",14,"Стержень Ат1200",14,"Монтажная петля ",14,"Стыковочная петля",14,"Закладная A1",14,"Перемычка на стыковочную петлю",14]
[10,"Новая","М350",1,"Сетка С1",1,"Сетка С1",1,"Стержень Ат400",1,"Монтажная петля ",1,"Стыковочная петля",1,"Закладная A1",1,"Перемычка на стыковочную петлю",1]

{"sheet":"Изделия_сварка","index":3,"n_rows":19,"n_cols":4,"rows_kept":19,"cut":false,"hidden":true,"merged":[],"flags":["formulas_cached_only"]}
["№ п/п","Наименование","Сырье","Расход сырья"]
[1,"Сетка С1 ","Арматура А1 ф10",10]
[2,"Сетка С2","Арматура А1 ф8",20]
[3,"Сетка С3","Арматура А1 ф10",12]
[4,"Сетка С4","Арматура А1 ф10",14]
[5,"Сетка С5","Арматура А1 ф8",14]
[6,"Сетка С6","Арматура А1 ф10",16]
[7,"Сетка С7","Арматура А1 ф10",10]
[8,"Сетка С8","Арматура А1 ф8",10]
[9,"Стержень Ат400","Арматура А1 ф10",12]
[10,"Стержень Ат500","Арматура А1 ф10",14]
[11,"Стержень Ат600","Арматура А1 ф10",20]
[12,"Стержень Ат800","Арматура А1 ф8",18]
[13,"Стержень Ат1000","Арматура А1 ф10",18]
[14,"Стержень Ат1200","Арматура А1 ф10",18]
[15,"Монтажная петля ","Арматура А1 ф8",14]
[16,"Стыковочная петля","Арматура А1 ф10",19]
[17,"Закладная A1","Арматура А1 ф8",16]
[18,"Перемычка на стыковочную петлю","Арматура А1 ф10",18]

{"sheet":"Рабочие","index":4,"n_rows":15,"n_cols":4,"rows_kept":15,"cut":false,"hidden":true,"merged":[],"flags":["formulas_cached_only"]}
["№ п/п","ФИО","Группа","Оплата"]
[1,"Иванов И.И.","Формовщик","Сдельная"]
[2,"Петров П.П.","Формовщик","Оклад+Сдельная"]
[3,"Сидоров С.С.","Формовщик","Оклад"]
[4,"Максимов М.М.","Формовщик","Сдельная"]
[5,"Алексеев А.А.","Формовщик","Оклад+Сдельная"]
[6,"Александров А.А.","Формовщик","Оклад"]
[7,"Сергеев С.С.","Формовщик","Сдельная"]
[8,"Михайлов М.М.","Формовщик","Оклад+Сдельная"]
[9,"Борисов Б.Б.","Оператор РБУ","Почасовая"]
[10,"Степанов С.С.","Тракторист","По выдаче"]
[11,"Пушкин А.С.","Оператор РБУ","По выдаче"]
[12,"Лермонтов М.С.","Тракторист","Почасовая"]
[13,"Толстой Л.Н.","Сварщик","Сдельная"]
[14,"Достоевский Ф.М.","Сварщик","Оклад+Сдельная"]

{"sheet":"Производство_ЖБ","index":5,"n_rows":9,"n_cols":33,"rows_kept":9,"cut":false,"hidden":true,"merged":[],"flags":["formulas_cached_only"]}
["Дата","Изделие","Кол-во","Марка бетона","Бетона, кол-во","Заклад 1","Заклад 1 кол-во","Заклад 2","Заклад 2 кол-во","Заклад 3","Заклад 3 кол-во","Заклад 4","Заклад 4 кол-во","Заклад 5","Заклад 5 кол-во","Заклад 6","Заклад 6 кол-во","Заклад 7","Заклад 7 кол-во","Заклад 8","Заклад 8 кол-во","Заклад 9","Заклад 9 кол-во","Заклад 10","Заклад 10 кол-во","Песок","Песок кол-во на 1м3","Щебень","Щебень кол-во на 1м3","Цемент","Цемент кол-во на 1м3","Химия","Химия кол-во на 1м3"]
["2016-07-22","ПДН-АIV",6,"В27.5",1.5,"Сетка С101",15,"Сетка С1",8,"Стержень Ат800",13,"Монтажная петля ",9,"Стыковочная петля",14,"Закладная A10",11,"Перемычка на стыковочную петлю",9,{"$nulls":6},"Песок фр. 0.5",400,"Шебень фр. 5",300,"Цемент М500",400,"Plus57",5]
["2016-07-22","ПДН-АV",1,"М350",1,"Сетка С113",14,"Сетка С7",11,"Стержень Ат1000",14,"Монтажная петля ",4,"Стыковочная петля",14,"Закладная A11",14,"Перемычка на стыковочную петлю",10,{"$nulls":6},"Песок фр. 0.6",410,"Шебень фр. 6",320,"Цемент М600",500,"Plus57",4]
["2016-07-23","ПДН",5,"М350",1.6,"Сетка С1",5,"Сетка С3",12,"Стержень Ат400",9,"Монтажная петля ",12,"Стыковочная петля",12,"Закладная A1",10,"Перемычка на стыковочную петлю",13,{"$nulls":6},"Песок фр. 0.5",400,"Шебень фр. 5",300,"Цемент М500",400,"Plus57",5]
["2016-07-23","ПДН м-АтV",4,"М350",1.8,"Сетка С6",3,"Сетка С2",13,"Стержень Ат1000",8,"Монтажная петля ",4,"Стыковочная петля",8,"Закладная A5",11,"Перемычка на стыковочную петлю",11,{"$nulls":6},"Песок фр. 0.6",410,"Шебень фр. 6",320,"Цемент М600",500,"Plus57",4]
["23.07.2016","ПДН",2,"М350",3,"Сетка С1",10,"Сетка С3",24,"Стержень Ат400",18,"Монтажная петля ",24,"Стыковочная петля",24,"Закладная A1",20,"Перемычка на стыковочную петлю",26,{"$nulls":6},"Песок фр. 0.5",1200,"Шебень фр. 5",900,"Цемент М500",1200,"Plus57",15]
["23.07.2016","ПДН",2,"М350",3,"Сетка С1",10,"Сетка С3",24,"Стержень Ат400",18,"Монтажная петля ",24,"Стыковочная петля",24,"Закладная A1",20,"Перемычка на стыковочную петлю",26,{"$nulls":6},"Песок фр. 0.5",1200,"Шебень фр. 5",900,"Цемент М500",1200,"Plus57",15]
["23.07.2016","ПДН",2,"М350",3,"Сетка С1",10,"Сетка С3",24,"Стержень Ат400",18,"Монтажная петля ",24,"Стыковочная петля",24,"Закладная A1",20,"Перемычка на стыковочную петлю",26,{"$nulls":6},"Песок фр. 0.5",1200,"Шебень фр. 5",900,"Цемент М500",1200,"Plus57",15]
["23.07.2016","ПДН",2,"М350",3,"Сетка С1",10,"Сетка С3",24,"Стержень Ат400",18,"Монтажная петля ",24,"Стыковочная петля",24,"Закладная A1",20,"Перемычка на стыковочную петлю",26,{"$nulls":6},"Песок фр. 0.5",1200,"Шебень фр. 5",900,"Цемент М500",1200,"Plus57",15]

{"sheet":"Производство_сварка","index":6,"n_rows":4,"n_cols":4,"rows_kept":4,"cut":false,"hidden":true,"merged":[],"flags":["formulas_cached_only"]}
["Дата","Наименование","Материал","Кол-во"]
["2016-07-22","Сетка С1 ","Арматура А1 ф10",50]
["2016-07-22","Монтажная петля ","Арматура А1 ф8",40]
["23.07.2016","Сетка С2","Арматура А1 ф8",10]

{"sheet":"Оклады","index":7,"n_rows":5,"n_cols":6,"rows_kept":5,"cut":false,"hidden":true,"merged":[],"flags":["formulas_cached_only"]}
["№","Группа","Ставка в час","Ставка за смену","Неполный оклад","Сдельная бетон"]
[1,"Формовщик",100,800,400]
[2,"Оператор РБУ",140,1120,560,250]
[3,"Тракторист",150,1200,600,240]
[4,"Сварщик",280,2240,1120]

{"sheet":"Бетон","index":8,"n_rows":4,"n_cols":10,"rows_kept":4,"cut":false,"hidden":true,"merged":[],"flags":["formulas_cached_only"]}
["№ п/п","Марка бетона","Песок","Песок кол-во на 1м3","Щебень","Щебень кол-во на 1м3","Цемент","Цемент кол-во на 1м3","Химия","Химия кол-во на 1м3"]
[1,"М350","Песок фр. 0.5",855,"Шебень фр. 6",256,"Цемент М400",2,"Plus57",1]
[2,"В27.5","Песок фр. 0.7",800,"Шебень фр. 5",200,"Цемент М400",2,"Plus57",1]
[3,"М400","Песок фр. 0.4",500,"Шебень фр. 5",200,"Цемент М400",2,"Plus57",1]

{"sheet":"Затраты","index":9,"n_rows":4,"n_cols":4,"rows_kept":4,"cut":false,"hidden":true,"merged":[],"flags":["formulas_cached_only"]}
["Дата","Вид затрат","Сумма","Примечание"]
["23.07.2016","Электропотребление",1500]
["23.07.2016","Закупка оборудования",200]
["24.07.2016","Ремонт оборудования",500]

{"sheet":"Виды_затрат","index":10,"n_rows":7,"n_cols":2,"rows_kept":7,"cut":false,"hidden":true,"merged":[],"flags":["formulas_cached_only"]}
["№ п/п","Наименование"]
[1,"Электропотребление"]
[2,"Закупка оборудования"]
[4,"Закупка инструмента"]
[5,"Электроды"]
[6,"Ремонт оборудования"]
[7,"Электроды"]

{"sheet":"Группа_товаров","index":11,"n_rows":17,"n_cols":2,"rows_kept":17,"cut":false,"hidden":true,"merged":[],"flags":["formulas_cached_only"]}
["№ п/п","Группа продукции"]
[1,"Сетка"]
[2,"Стержень"]
[3,"Монтажная петля"]
[4,"Стыковочная петля"]
[5,"Закладная"]
[6,"Перемычка"]
[7,"Песок"]
[8,"Щебень"]
[9,"Цемент"]
[10,"Химия"]
[11,"Электроды"]
[12,"Масло"]
[13,"Арматура"]
[14,"Закладная 8"]
[15,"Закладная 9"]
[16,"Закладная 10"]

{"sheet":"Ед.Изм.","index":12,"n_rows":4,"n_cols":2,"rows_kept":4,"cut":false,"hidden":true,"merged":[],"flags":["formulas_cached_only"]}
["№ п/п","Группа продукции"]
[1,"кг"]
[2,"м3"]
[3,"л"]

{"sheet":"List_Price","index":13,"n_rows":24,"n_cols":6,"rows_kept":24,"cut":false,"hidden":true,"merged":[[1,1,1,5]],"flags":["formulas_cached_only"]}
[]
[null,"Отчет по себестомости изделия - \"ПДН м-АтV\""]
[null,"Актуальность отчета: 28.07.2016,  16:43:47"]
[]
[null,"Наименование","Ед. изм.","Цена","Количество","Стоимость"]
[null,"Бетон  М350","куб. м.",29168.300000000003,1.72,50169.476]
[null,"в том числе:"]
[null,"Песок фр. 0.5","кг",23.1,1470.6,33970.86]
[null,"Шебень фр. 6","кг",36.2,440.32,15939.584]
[null,"Цемент М400","кг",35.7,3.44,122.808]
[null,"Plus57","л",79.2,1.72,136.224]
[]
[null,"Арматура  ","--","--","--",3591.5000000000005]
[null,"в том числе:"]
[null,"Сетка С6","кг",22.1,7,154.70000000000002]
[null,"Сетка С2","кг",56.1,13,729.3000000000001]
[null,"Стержень Ат1000","кг",39.3,8,314.4]
[null,"Монтажная петля ","кг",64.3,4,257.2]
[null,"Стыковочная петля","кг",29.8,8,238.4]
[null,"Закладная A1","кг",92.1,11,1013.0999999999999]
[null,"Перемычка на стыковочную петлю","кг",73.7,12,884.4000000000001]
[]
[]
[null,"ИТОГО ПО ОТЧЕТУ: ",null,null,null,53760.976]